LEADER 01163nam a2200253 u 4500 001 000000119708 003 CaOOAMICUS 005 20100202151615.0 008 100202t2009 it ah u000 u ita u 040 $aPUL$bita$dReb 245 03$aLe arti in cantiere /$ca cura di Gabriele Fattorini ; con la collaborazione di Elisabetta Neri e Michele Occhioni. 260 $aSiena :$bMonte dei Paschi di Siena,$cİ2009. 300 $a223 p. :$bill. ;$c29 cm 500 $aIn testa al front. : Fondazione Monte dei Paschi di Siena. 504 $aInclude riferimenti bibliografici ed indice. 650 4$aUrbanistica.$0(OLS)http://pul/subject/3430 700 1 $aNeri, Elisabetta.$0(OLS)http://pul/name/74836 700 1 $aOcchioni, Michele.$0(OLS)http://pul/name/74837 700 1 $aFattorini, Gabriele.$0(OLS)http://pul/name/74835 850 $aPUL 852 $aPUL$W1$xDP2 Cons. Gen., Altre Classi 3$y97$m709. 45 FATGA 1$j137347$qDDC 21$B136420$CPULBib$Z2$F136420 $H112439 $82 941 1 $a9 996 $6245$aLe arti in cantiere$9(OLS)http://pul/title/150622 996 $6260$aSiena :$bMonte dei Paschi di Siena$9(OLS)http://pul/publisher/67511 LEADER 01607nam a2200313 u 4500 001 000000059811 003 CaOOAMICUS 005 20070226120836.0 008 010705s1924 gw u000 u ger u 035 $a10896109 040 $aPUL(R)$bita 100 1 $aDilthey, Wilhelm,$d1833-1911.$0(OLS)http://pul/name/12607 240 10$aGesammelte Schriften$9(Dilthey, Wilhelm, 1833-1911).$0(OLS)http://pul/title/80016 245 14$aDie geistige Welt :$bEinleitung in die Philosophie des Lebens.$nErste Halfte,$pAbhandlungen zur Grundlegung der Geisteswissenschaften /$cWilhelm Diltheys. 246 30$aAbhandlungen zur Grundlegung der Geisteswissenschaften 260 $aBerlin :$bB. G. Teubner,$c1924. 300 $a442 p. ;$c25 cm 490 1 $aGesammelte Schriften ;$v5 500 $aPaginazione varia. 504 $aBibliografia in nota. 650 4$aSpirito (filosofia).$0(OLS)http://pul/subject/17020 650 4$aScienze dello spirito.$0(OLS)http://pul/subject/20441 830 0$aGesammelte Schriften ;$v5.$0(OLS)http://pul/title/80018 850 $aPUL 852 $aPUL$W1$xSL Filosofia 2$y80$mPhil D4 31.5$j77966$nBK-PRI$b $qStampati altre collocazioni$B77966$CPULBib$Z2$F77966 $H $81 941 1 $a10 996 $6245$aDie geistige Welt :$bEinleitung in die Philosophie des Lebens.$nErste Halfte,$pAbhandlungen zur Grundlegung der Geisteswissenschaften$9(OLS)http://pul/title/80036 996 $6246$aAbhandlungen zur Grundlegung der Geisteswissenschaften$9(OLS)http://pul/title/80037 996 $6260$aBerlin :$bB. G. Teubner$9(OLS)http://pul/publisher/69850